Club de LaLiga sans voyelles - Statistiques

Statistiques générales
  • Ce quiz a été pris 103 fois
  • Le résultat moyen est 14 sur 20
Statistiques - réponses
Indices Club % Correct
SVLL FC Séville FC
90%
THLTC CLB BLB Athletic Club Bilbao
88%
ATLTC MDRD Atlético Madrid
88%
FC BRCLN FC Barcelone
88%
RL MDRD Real Madrid
88%
VLNC CF Valence CF
84%
VLLRRL CF Villarreal CF
82%
GTF CF Getafe CF
80%
CLT VG Celta Vigo
79%
RL BTS Real Betis
79%
RL SCDD Real Sociedad
79%
DPRTV LVS Deportivo Alavés
78%
GRN FC Girona FC
71%
R VLLCN Rayo Vallecano
68%
RCD MJRQ RCD Majorque
67%
SPNL BRCLN Espanyol Barcelone
55%
LCH CF Elche CF
54%
LVNT D Levante UD
49%
RL VD Real Oviedo
36%
C SSN CA Osasuna
27%
Aucun quiz correspondant
Distribution des résultats
% des personnes avec chaque résultat
Percentile par nombre de réponses
Votre historique - résultats
Vous n’avez pas pris ce quiz